00420nam a2200145Ia 4500003000400000008004100004020002500045040000800070100001800078245009800096260002400194300001400218365001300232700002900245LDD181029s9999 xx 000 0 und d a1591403499cUS69.95 cLDD aHuang, Wayne  0aElectronic government strategies and implementationcWayne Huang, Keng Siau and Kowk Kee Wei aHersheybIdeac2005 avii,455p. bUS69.95 aSiau, Keng ;Wei,Kowk Kee